Les membres du conseil constitutionnel - Statistiques

Statistiques générales
  • Ce quiz a été pris 24 fois
  • Le résultat moyen est 3 sur 9
Statistiques - réponses
Année de Nomination Réponses % Correct
Nommé en 2016 par le Président de la République Laurent FABIUS
95%
Nommé en 2019 par le Président de l'Assemblée nationale Alain JUPPÉ
68%
Nommée en 2022 par le Président de la Républiqu Jacqueline GOURAULT
41%
Nommée en 2016 par le Président de l'Assemblée nationale Corinne LUQUIENS
18%
Nommé en 2019 par le Président du Sénat François PILLET
18%
Nommé en 2019 par le Président de la République Jacques MÉZARD
18%
Nommé en 2016 par le Président du Sénat Michel PINAULT
18%
Nommée en 2022 par le Président de l'Assemblée nationale Véronique MALBEC
18%
Nommé en 2022 par le Président du Sénat François SENERS
14%
Aucun quiz correspondant
Distribution des résultats
% des personnes avec chaque résultat
Percentile par nombre de réponses
Votre historique - résultats
Vous n’avez pas pris ce quiz